Endstationen der Straßenbahn-Linien (Wien) - Statistiken

Allgemein
  • Dieses Quiz wurde 568 mal gespielt
    555 seit der letzten Aktualisierung
  • Das Durchschnittsergebnis liegt bei 28 aus 40
Antwortstatistiken
Linien Endstation % Korrekt
1 Prater, Hauptallee
90%
37, 38, 40, 41, 42, 43, 44 Schottentor
88%
5, 9, 52, 60 Westbahnhof
86%
D Beethovengang
83%
2, 10 Dornbach
82%
11, 71 Zinnergasse
82%
6, 18 Burggasse-Stadthalle
78%
25, 30 Floridsdorf
78%
31 Schottenring
78%
71 Börse
77%
1 Stefan-Fadinger-Platz
77%
D Absberggasse
75%
49 Bujattigasse
75%
62 Oper
75%
5 Praterstern
75%
2, 33 Friedrich-Engels-Platz
73%
30, 31 Stammersdorf
72%
46, 49 Volkstheater
72%
43 Neuwaldegg
70%
60 Rodaun
70%
18 Schlachthausgasse
70%
44 Maroltingergasse
69%
25 Aspern
67%
38 Grinzing
67%
37 Hohe Warte
67%
26 Edmund-Hawranek-Platz
66%
40 Herbeckstraße
64%
62 Wolkersbergenstraße
64%
O Bruno-Marek-Allee
63%
11 Otto-Probst-Platz
63%
9 Wallrißstraße
62%
26 Hausfeldstraße
61%
10 Hummelgasse
61%
52 Baumgarten
60%
O Rudolfshügelgasse
60%
6 Geiereckstraße
58%
33 Josefstädter Straße
57%
46 Joachimsthalerplatz
54%
41 Pötzleinsdorf
53%
42 Antonigasse
52%
Keine übereinstimmenden Quizze gefunden
Verteilung der Resultate
Anzahl Personen mit jedem Resultat
Perzentil nach korrekt beantworteten Fragen
Ihre Resultats-Entwicklung
Sie haben dieses Quiz seit der letzten Aktualisierung nicht gespielt